1512 1309 1104 1446 1562 1918 1804 1826 1899 1740 1207 1424 1016 1394 1420 1077 1693 1701 1959 1884 1654 1656 1080 1863 1817 1789 1983 1958 1167 1148 1828 1519 1612 1317 1366 1091 1001 1477 1228 1061 1943 1070 1063 1924 1379 1817 1298 1728 1556 1481 1245 1942 1320 1329 1759 1595 1240 1627 1693 1533 1623 1279 1686 1833 1051 1163 1887 1544 1523 1756 1263 1984 1015 1807 1160 1781 1689 1705 1065 1617 1851 1414 1885 1944 1832 1689 1048 1598 1282 1772 1744 1224 1612 1808 1466 1795 1205 1053 1168 BCNSPRNW ULIB Ver.6.0+V

เปลี่ยนเป็นภาษาไทย

Change to English
 แสดงรายละเอียดบรรณานุกรม
  กลับหน้าหลัก

Brief Record : Get Marc (ISO 2709) : E-mail record : QR code < ปิดหน้าต่าง
LEADER : 00000nam 2200000uu 4500
001    13399114567
003     ULIB
008    120418s2551||||th 000 0 tha d
020    ^a9789743773631
090    ^aนว.^bs111ว 2551
100 0  ^asnowball
245 00 ^aวุ่นรักสายลับสาว/^csnowball
250    ^aพิมพ์ครั้งที่ 1
260    ^aกรุงเทพฯ :^bz-gire^c2551
300    ^a328 หน้า
710 1  ^az-gire
945    ^p230^l0^i15776
995    ^aกัณชพร
999    ^aใช้งานได้ทุกระบบ
รายการนี้ยังไม่มีแท็ก
คุณยังไม่ได้ล็อกอิน คุณสามารถมีกิจกรรมร่วมกับเว็บไซต์ได้ แต่ต้องล็อกอินก่อน ::
  ล็อกอิน

รายการสื่อสารสนเทศ

ลำดับที่ ประเภท เลขเรียก/บาร์โค้ด สถานที่ สถานะ
1. นวนิยาย
นวนิยาย
นว. s111ว 2551  
  Barcode: 15776
ห้องสมุดวิทยาเขตสวรรค์ประชารักษ์
►นวนิยาย
บนชั้น
  ขอยืม

BibComment


ยังไม่เคยถูกคอมเมนท์

คอมเมนท์ทรัพยากรรายการนี้
  คอมเมนท์: วุ่นรักสายลับสาว..


 Copyright 2026. Bcnsprnw @Library